[Event "World Blitz 2015"]
[Site "Berlin GER"]
[Date "2015.10.14"]
[Round "16.48"]
[White "Ponkratov, Pavel"]
[Black "Khismatullin, Denis"]
[Result "1-0"]
[WhiteTitle "GM"]
[BlackTitle "GM"]
[WhiteElo "2604"]
[BlackElo "2651"]
[WhiteFideId "4157800"]
[BlackFideId "4142578"]
[EventDate "2015.10.13"]

1. d4 Nf6 2. c4 e6 3. Nc3 Bb4 4. Qc2 O-O 5. e4 d6 6. Bg5 h6 7. Bh4 e5 8. d5
Bxc3+ 9. bxc3 g5 10. Bg3 Nh5 11. Bd3 Na6 12. Ne2 Nc5 13. f3 f5 14. exf5 Nxd3+
15. Qxd3 Bxf5 16. Qe3 Qf6 17. Bf2 Bg6 18. c5 Nf4 19. Nxf4 exf4 20. Qd2 Rae8+ 21.
Kf1 b6 22. cxd6 cxd6 23. h3 Re7 24. Bd4 Qf5 25. Kf2 Rfe8 26. Rhe1 Qxd5 27. Rxe7
Rxe7 28. h4 Kf7 29. a4 Qc4 30. a5 bxa5 31. hxg5 hxg5 32. Rxa5 Bd3 33. Kg1 Re2
34. Qd1 Bc2 35. Rxa7+ Ke6 36. Qf1 Qd3 37. Ra8 Kd7 38. Qa1 Ke6 39. Qa2+ d5 40.
Ra6+ Kf7 41. Qxd5+ Kf8 42. Qd8+ Kf7 43. Rf6+ 1-0

[Event "World Blitz 2015"]
[Site "Berlin GER"]
[Date "2015.10.14"]
[Round "16.49"]
[White "Lagarde, Maxime"]
[Black "Zhang, Zhong"]
[Result "0-1"]
[WhiteTitle "GM"]
[BlackTitle "GM"]
[WhiteElo "2550"]
[BlackElo "2619"]
[WhiteFideId "662399"]
[BlackFideId "8600694"]
[EventDate "2015.10.13"]

1. e4 e5 2. Nf3 Nc6 3. Bb5 a6 4. Ba4 Nf6 5. d3 b5 6. Bb3 Be7 7. O-O O-O 8. Nc3
d6 9. a3 h6 10. Ne2 Be6 11. Ba2 Re8 12. Ng3 Bf8 13. h3 d5 14. Qe2 g6 15. Be3 Bg7
16. Nh2 Qd7 17. f3 Rad8 18. Ng4 h5 19. Nxf6+ Bxf6 20. exd5 Bxd5 21. Ne4 Be7 22.
c4 Be6 23. Rad1 Nd4 24. Qf2 c5 25. Kh1 Rb8 26. f4 f5 27. Nc3 exf4 28. Bxf4 Rbd8
29. Nd5 Bxd5 30. cxd5 Bd6 31. Be3 Qg7 32. Bxd4 cxd4 33. Rfe1 Re5 34. Rxe5 Qxe5
35. g3 Qxg3 36. Qxg3 Bxg3 37. Rc1 Kg7 38. Kg2 h4 39. Rc6 Rd6 40. Rc7+ Kf6 41.
Rc6 g5 42. Kf3 Kg6 43. b4 Kh5 44. Rc8 g4+ 45. Kg2 Kg5 46. Rf8 Rd7 47. d6 Rxd6
48. Bb3 Rc6 49. a4 Rc3 50. Be6 gxh3+ 51. Kxh3 bxa4 52. Rxf5+ Kg6 53. Ra5 Kf6 54.
Rxa6 a3 55. Bc4+ Ke5 56. b5 Kf4 57. Rf6+ Kg5 58. Rf1 Rc2 59. Rh1 Rb2 60. Bd5 a2
61. Bg2 Rb1 0-1

[Event "World Blitz 2015"]
[Site "Berlin GER"]
[Date "2015.10.14"]
[Round "16.50"]
[White "Al-Sayed, Mohammed"]
[Black "Volokitin, Andrei"]
[Result "1-0"]
[WhiteTitle "GM"]
[BlackTitle "GM"]
[WhiteElo "2520"]
[BlackElo "2639"]
[WhiteFideId "12100196"]
[BlackFideId "14107090"]
[EventDate "2015.10.13"]

1. d4 Nf6 2. c4 g6 3. Nc3 d5 4. Nf3 Bg7 5. h4 dxc4 6. e4 Bg4 7. e5 Nd5 8. Bxc4
Nxc3 9. Bxf7+ Kxf7 10. Ng5+ Ke8 11. Qxg4 Nb5 12. Ne6 Qd5 13. a4 Bxe5 14. dxe5
Qxe5+ 15. Be3 Nd6 16. Nxc7+ Kf7 17. Nxa8 Na6 18. Qf3+ Qf5 19. Qxf5+ gxf5 20.
Bxa7 Rxa8 21. Be3 Nb4 22. Ke2 Nc2 23. Ra2 Nb4 24. Ra3 Nc2 25. Rc3 Nxe3 26. Rxe3
Rxa4 27. g3 Rb4 28. b3 Nb5 29. Kd2 f4 30. Rf3 e5 31. gxf4 Nd4 32. Rd3 e4 33. Re3
Nxb3+ 34. Kc3 Rb6 35. Rb1 Nc5 36. Rxb6 Na4+ 37. Kd4 Nxb6 38. Rb3 Nc8 39. Rxb7+
Kg6 40. Rd7 Nb6 41. Rd6+ Kf5 42. Rxb6 Kxf4 43. Rf6+ 1-0

[Event "World Blitz 2015"]
[Site "Berlin GER"]
[Date "2015.10.14"]
[Round "16.51"]
[White "Munoz Pantoja, Miguel"]
[Black "Piorun, Kacper"]
[Result "1/2-1/2"]
[WhiteTitle "GM"]
[BlackTitle "GM"]
[WhiteElo "2441"]
[BlackElo "2609"]
[WhiteFideId "3800229"]
[BlackFideId "1130420"]
[EventDate "2015.10.13"]

1. e4 e6 2. d4 d5 3. Nd2 h6 4. Ngf3 Nf6 5. Bd3 c5 6. dxc5 Bxc5 7. Qe2 Nc6 8. O-O
O-O 9. c4 dxe4 10. Nxe4 Nxe4 11. Bxe4 Qb6 12. Bf4 Nd4 13. Nxd4 Bxd4 14. Rad1 e5
15. Bc1 Be6 16. Kh1 f5 17. Bc2 Rac8 18. b3 Rce8 19. Be3 Bxe3 20. fxe3 a5 21. Qh5
e4 22. Rd4 Rd8 23. Rfd1 Rxd4 24. exd4 Bc8 25. Qh4 e3 26. Qf4 Re8 27. h4 e2 28.
Re1 Qb4 29. Qf2 Qd2 30. Bb1 f4 31. Bg6 Re3 32. Bh5 Bf5 33. Rxe2 Qxd4 34. Rxe3
Qxe3 35. Qxe3 fxe3 36. c5 Bd3 37. Kg1 Kf8 38. Bg4 Ke7 39. Bc8 Be4 40. Kf1 Kd8
41. Bg4 Kc7 42. g3 Kc6 43. Ke2 Kxc5 44. Kxe3 Bb1 45. a3 Bc2 46. Be6 Kd6 47. Bc4
Ke5 48. b4 axb4 49. axb4 b6 50. Be2 Be4 51. Bd1 g5 52. hxg5 hxg5 53. Be2 Bc6 54.
Bd1 Bb5 55. Bf3 Bc4 56. Bd1 Be6 57. Be2 Kd5 58. Bd3 Ke5 59. Be2 Kd5 60. Ba6 Bd7
61. Bd3 Ke5 62. Bc4 Be8 63. Be2 Bc6 64. Bd3 Bd7 1/2-1/2

[Event "World Blitz 2015"]
[Site "Berlin GER"]
[Date "2015.10.14"]
[Round "16.52"]
[White "Kryvoruchko, Yuriy"]
[Black "Kunin, Vitaly"]
[Result "1-0"]
[WhiteTitle "GM"]
[BlackTitle "GM"]
[WhiteElo "2710"]
[BlackElo "2556"]
[WhiteFideId "14109182"]
[BlackFideId "4128737"]
[EventDate "2015.10.13"]

1. e4 d6 2. d4 Nf6 3. Nc3 Nbd7 4. f4 Nb6 5. Nf3 d5 6. e5 Ne4 7. Bd3 Bf5 8. Qe2
Nxc3 9. bxc3 Qd7 10. O-O g6 11. a4 Bg7 12. a5 Nc4 13. Nd2 Nxd2 14. Bxd2 Bxd3 15.
cxd3 e6 16. Rfb1 c6 17. Bc1 O-O 18. Ba3 Rfc8 19. Qb2 b5 20. axb6 axb6 21. Qxb6
Bf8 22. Bxf8 Kxf8 23. Ra6 Kg7 24. Qa5 Rab8 25. Rab6 Rxb6 26. Qxb6 Qe7 27. Qa6
Rc7 28. g3 h5 29. Rb8 g5 30. Qa8 gxf4 31. Rg8+ Kh6 32. Rh8+ Kg5 33. Qg8+ Kf5 34.
Rxh5+ 1-0

[Event "World Blitz 2015"]
[Site "Berlin GER"]
[Date "2015.10.14"]
[Round "16.53"]
[White "Lenic, Luka"]
[Black "Wagner, Dennis"]
[Result "0-1"]
[WhiteTitle "GM"]
[BlackTitle "GM"]
[WhiteElo "2639"]
[BlackElo "2575"]
[WhiteFideId "14603853"]
[BlackFideId "24650684"]
[EventDate "2015.10.13"]

1. d4 Nf6 2. Bg5 d5 3. Nf3 c5 4. e3 Qb6 5. Nc3 e6 6. Rb1 Nc6 7. Be2 cxd4 8. exd4
Ne4 9. Be3 Bb4 10. O-O Bxc3 11. bxc3 Nxc3 12. Rxb6 Nxd1 13. Rb3 Nxe3 14. fxe3 f6
15. Nd2 Na5 16. Rb4 b6 17. c4 Ba6 18. Kf2 Rc8 19. cxd5 Bxe2 20. Kxe2 exd5 21.
Rf5 Rc2 22. Kd3 Rxa2 23. Rxd5 Ke7 24. Nc4 Nc6 25. Rb3 Rc8 26. Nd6 Rc7 27. Nf5+
Ke6 28. e4 Ra4 29. Ke3 Na5 30. Rd3 Nc4+ 31. Kf3 g6 32. Ne3 Nd6 33. e5 Nf5 34.
Rd8 fxe5 35. dxe5 Kxe5 36. Ng4+ Ke6 37. Re8+ Kf7 38. Rdd8 Rc3+ 39. Ke2 Ra2+ 40.
Kd1 Rd3+ 41. Rxd3 Kxe8 42. Nf6+ Ke7 43. Nd5+ Ke6 44. g4 Nd6 45. Nc7+ Ke5 46.
Rd5+ Kf4 47. Rxd6 Kxg4 48. Nb5 Kh3 49. Rd7 h5 50. Rd6 g5 51. Rd5 Kh4 52. Rd4+ g4
53. Nd6 Rxh2 54. Ke1 Ra2 55. Kf1 Kh3 56. Nf5 h4 57. Kg1 b5 58. Kf1 a5 59. Rd3+
g3 60. Rd4 g2+ 61. Kg1 Ra1+ 0-1

[Event "World Blitz 2015"]
[Site "Berlin GER"]
[Date "2015.10.14"]
[Round "16.54"]
[White "Dlugy, Maxim"]
[Black "Maze, Sebastien"]
[Result "0-1"]
[WhiteTitle "GM"]
[BlackTitle "GM"]
[WhiteElo "2518"]
[BlackElo "2582"]
[WhiteFideId "2000075"]
[BlackFideId "613762"]
[EventDate "2015.10.13"]

1. d4 Nf6 2. c4 g6 3. Nc3 Bg7 4. e4 d6 5. Nf3 O-O 6. Be2 Na6 7. O-O e5 8. Be3 c6
9. d5 Ng4 10. Bg5 f6 11. Bh4 c5 12. Nd2 h5 13. a3 Nh6 14. f3 Nf7 15. Rb1 Bh6 16.
Bf2 f5 17. exf5 gxf5 18. Qc2 Qg5 19. Rfd1 Kh8 20. Kh1 Rg8 21. Bf1 Bd7 22. b4 b6
23. bxc5 Nxc5 24. Nb3 Nxb3 25. Rxb3 Rg7 26. a4 Rag8 27. a5 h4 28. axb6 axb6 29.
h3 Qh5 30. Ne2 Ba4 31. Qa2 Bxb3 32. Qxb3 Ng5 33. Ng1 Rb7 34. c5 dxc5 35. Bxc5 e4
36. f4 bxc5 37. Qxb7 Qxd1 38. fxg5 Qxf1 39. Qb2+ Bg7 40. Qd2 Bd4 0-1

[Event "World Blitz 2015"]
[Site "Berlin GER"]
[Date "2015.10.14"]
[Round "16.56"]
[White "Bezold, Michael"]
[Black "Akopian, Vladimir"]
[Result "0-1"]
[WhiteTitle "GM"]
[BlackTitle "GM"]
[WhiteElo "2509"]
[BlackElo "2648"]
[WhiteFideId "4601718"]
[BlackFideId "13300032"]
[EventDate "2015.10.13"]

1. c4 Nf6 2. g3 g6 3. Bg2 Bg7 4. Nc3 O-O 5. Nf3 d6 6. O-O e5 7. d3 Nc6 8. Rb1 a5
9. a3 Re8 10. Bg5 h6 11. Bxf6 Bxf6 12. b4 axb4 13. axb4 Bg7 14. b5 Ne7 15. Ne1
c6 16. Qb3 Be6 17. Nf3 d5 18. Nd2 e4 19. dxe4 dxc4 20. Qc2 Ra3 21. Nd1 cxb5 22.
Rxb5 Nc6 23. e3 Qd3 24. Qxd3 Rxd3 25. Nf3 Red8 26. Nb2 Rb3 27. Rxb3 cxb3 28. Rb1
Bxb2 29. Rxb2 Rd1+ 30. Bf1 Ne5 31. Nd2 Rxd2 0-1

[Event "World Blitz 2015"]
[Site "Berlin GER"]
[Date "2015.10.14"]
[Round "16.57"]
[White "Stefansson, Hannes"]
[Black "Shabalov, Alexander"]
[Result "0-1"]
[WhiteTitle "GM"]
[BlackTitle "GM"]
[WhiteElo "2602"]
[BlackElo "2522"]
[WhiteFideId "2300087"]
[BlackFideId "2008572"]
[EventDate "2015.10.13"]

1. d4 Nf6 2. c4 b6 3. Nc3 Bb7 4. d5 e6 5. a3 exd5 6. cxd5 g6 7. g3 Bg7 8. Bg2
O-O 9. Nh3 Na6 10. O-O Nc5 11. Qc2 a5 12. Be3 d6 13. a4 Na6 14. Rfd1 Nb4 15. Qb3
Re8 16. Bd4 h5 17. Nf4 h4 18. Rac1 Nd7 19. Bxg7 Kxg7 20. Qc4 Nc5 21. Ne4 Qe7 22.
Nxc5 bxc5 23. gxh4 Ba6 24. Qc3+ Qe5 25. Qg3 Rh8 26. Rc3 Rae8 27. Re3 Qf5 28. Rf1
Nc2 29. Rxe8 Rxe8 30. h5 g5 31. Nh3 Nd4 32. Kh1 Nxe2 33. Qxg5+ Qxg5 34. Nxg5 Nf4
35. Rg1 Bd3 36. Bf3 Kf6 37. h6 Rh8 38. Be4 Rxh6 39. Rg4 Bxe4+ 40. Nxe4+ Ke5 41.
f3 f5 42. Rg5 Nh3 0-1

[Event "World Blitz 2015"]
[Site "Berlin GER"]
[Date "2015.10.14"]
[Round "16.58"]
[White "Milanovic, Danilo"]
[Black "Nikolic, Predrag"]
[Result "0-1"]
[WhiteTitle "GM"]
[BlackTitle "GM"]
[WhiteElo "2469"]
[BlackElo "2603"]
[WhiteFideId "915483"]
[BlackFideId "14400014"]
[EventDate "2015.10.13"]

1. d4 Nf6 2. c4 e6 3. Nc3 Bb4 4. e3 c5 5. Bd3 Nc6 6. Ne2 Bxc3+ 7. bxc3 e5 8. O-O
d6 9. Ng3 O-O 10. d5 Ne7 11. f4 exf4 12. exf4 Ng6 13. h3 Re8 14. Bd2 Bd7 15. Rb1
Rb8 16. Qf3 a6 17. Rb2 b5 18. Rfb1 Qc7 19. cxb5 axb5 20. Bxb5 Bxb5 21. Rxb5 Rxb5
22. Rxb5 Qa7 23. Rb2 Qa3 24. Rc2 Qa4 25. Rb2 Qc4 26. Nf5 Ne4 27. Be1 Qxd5 28.
Ne3 Qd3 29. c4 Qd4 30. Rb3 h6 31. Kh2 Qa1 32. Qf1 Qxa2 33. Rb7 Qa8 34. Rb6 Qa7
35. Rb5 Nf6 36. Nf5 Qd7 37. Ng3 Nh4 38. Bc3 Ne4 39. Nh5 Nxc3 0-1

[Event "World Blitz 2015"]
[Site "Berlin GER"]
[Date "2015.10.14"]
[Round "16.59"]
[White "Schneider, Ilja"]
[Black "Naumann, Alexander"]
[Result "1-0"]
[WhiteTitle "IM"]
[BlackTitle "GM"]
[WhiteElo "2481"]
[BlackElo "2545"]
[WhiteFideId "4663306"]
[BlackFideId "4623169"]
[EventDate "2015.10.13"]

1. e4 e6 2. d4 d5 3. Bd3 c5 4. exd5 exd5 5. Nf3 Nc6 6. O-O c4 7. Be2 Nf6 8. b3
cxb3 9. axb3 Be7 10. c4 O-O 11. Nc3 h6 12. Be3 Be6 13. Qd2 Bb4 14. Qb2 Be7 15.
h3 Rc8 16. c5 a6 17. b4 Ne4 18. b5 Nxc3 19. Qxc3 axb5 20. Bxb5 Bf6 21. Rfb1 b6
22. Ba6 Rb8 23. Bf4 bxc5 24. Bxb8 Nxb8 25. Qxc5 Nxa6 26. Rxa6 Bf5 27. Rba1 Be4
28. Nd2 Bg6 29. Qc6 Qe7 30. Qxd5 Kh7 31. Qd6 Qe2 32. Qxf8 Qxd2 33. Ra8 Be4 34.
Qxf7 Qg5 35. Qg8+ Kg6 36. Qe8+ 1-0

[Event "World Blitz 2015"]
[Site "Berlin GER"]
[Date "2015.10.14"]
[Round "16.60"]
[White "Demuth, Adrien"]
[Black "Halkias, Stelios"]
[Result "1/2-1/2"]
[WhiteTitle "GM"]
[BlackTitle "GM"]
[WhiteElo "2545"]
[BlackElo "2534"]
[WhiteFideId "642274"]
[BlackFideId "4201809"]
[EventDate "2015.10.13"]

1. Nf3 d5 2. c4 e6 3. g3 c5 4. Bg2 Nc6 5. O-O Nf6 6. cxd5 exd5 7. d4 Be7 8. Nc3
O-O 9. dxc5 Bxc5 10. a3 d4 11. Na4 Be7 12. b4 Bg4 13. Bb2 d3 14. Qxd3 Qxd3 15.
exd3 Rfd8 16. Rfe1 Bf8 17. d4 Nd5 18. Ne5 Nxe5 19. Rxe5 Be6 20. Nc5 Bxc5 21.
dxc5 Rd7 22. Rd1 Rad8 23. Bf3 h6 24. b5 Nf6 25. Ree1 Bd5 26. Bxf6 Bxf3 27. Bxd8
Bxd1 28. Re8+ Kh7 29. c6 bxc6 30. bxc6 Rd6 31. c7 Rc6 32. Kg2 Bg4 33. Re4 Be6
34. Ra4 a6 35. Rd4 Kg6 36. Kf3 f6 37. Ke3 Kf7 38. a4 Ke8 39. h4 h5 40. Rb4 Kf7
41. a5 Bd7 42. Rb6 Rc3+ 43. Kd2 Rf3 44. Ke2 Rc3 45. Kd2 Rf3 46. Ke1 Rc3 47. Rxa6
Rc5 48. Ra8 Re5+ 49. Kd2 Rd5+ 50. Kc3 Ke6 51. a6 Rc5+ 52. Kb4 Rc1 53. a7 Rb1+
54. Kc3 Ra1 55. c8=Q Bxc8 56. Rxc8 Rc1+ 57. Kb4 Rxc8 58. Bb6 Kd7 59. Kb5 Ra8 60.
Be3 Kc7 61. Kc4 Kc6 62. Bd4 Rd8 63. Be3 Kb7 64. Kc3 Rd5 65. Kc4 Rd1 66. Kc3 Rd5
67. Kc4 Rd7 68. Kc3 Ka8 69. Kc4 Kb7 70. Kc3 Rd5 71. Kc4 Rd1 72. Kc3 Rd7 73. Kc4
Rd6 74. Kc3 Rd8 75. Kc4 Rd7 76. Kc3 1/2-1/2

[Event "World Blitz 2015"]
[Site "Berlin GER"]
[Date "2015.10.14"]
[Round "16.61"]
[White "Huzman, Alexander"]
[Black "Pavlidis, Antonios"]
[Result "0-1"]
[WhiteTitle "GM"]
[BlackTitle "GM"]
[WhiteElo "2580"]
[BlackElo "2522"]
[WhiteFideId "2803828"]
[BlackFideId "4212312"]
[EventDate "2015.10.13"]

1. d4 Nf6 2. c4 e6 3. Nf3 b6 4. g3 Ba6 5. Qb3 Nc6 6. Nbd2 Na5 7. Qc3 d5 8. c5
Be7 9. e3 Bxf1 10. Kxf1 O-O 11. b4 Nc6 12. Kg2 Ne4 13. Qa3 a5 14. b5 Nb4 15. Qb3
bxc5 16. a3 c4 17. Qb1 Nxd2 18. Bxd2 Nd3 19. a4 Bb4 20. Qc2 Qd6 21. h4 f6 22. h5
e5 23. Nh4 Qe6 24. Bc3 Rab8 25. Rad1 c6 26. bxc6 Bxc3 27. Qxc3 Rb4 28. c7 Rc8
29. dxe5 fxe5 30. Nf3 e4 31. Nd4 Qf6 32. f4 exf3+ 33. Kf1 f2 34. Rh4 Rxc7 35.
Nb5 Qf3 36. Qc2 Rb2 0-1

[Event "World Blitz 2015"]
[Site "Berlin GER"]
[Date "2015.10.14"]
[Round "16.62"]
[White "Bindrich, Falko"]
[Black "Abel, Dennes"]
[Result "1/2-1/2"]
[WhiteTitle "GM"]
[BlackTitle "IM"]
[WhiteElo "2594"]
[BlackElo "2441"]
[WhiteFideId "4676670"]
[BlackFideId "24605417"]
[EventDate "2015.10.13"]

1. d4 d5 2. Nf3 Nf6 3. Bf4 c5 4. c3 Nc6 5. e3 cxd4 6. exd4 g6 7. Nbd2 Bg7 8. Bd3
Bf5 9. Bxf5 gxf5 10. O-O Ne4 11. Ne1 O-O 12. f3 Nxd2 13. Qxd2 e6 14. Nd3 Rc8 15.
Rfe1 Kh8 16. Bh6 Rg8 17. Bxg7+ Rxg7 18. Qh6 Rg6 19. Qh5 Qf6 20. f4 Rcg8 21. g3
Rg4 22. Qh3 h6 23. Kh1 Kh7 24. Nf2 R4g6 25. Qh5 Ne7 26. Nd3 Nc6 27. Nc5 b6 28.
Nd3 Rg4 29. Re3 Qg7 30. Rae1 Rg6 31. R1e2 Rg4 32. Re1 Rg6 33. Rf1 Rg4 34. Ne1
Qf6 35. Nf3 R4g6 36. Re2 Kh8 37. Rfe1 Rg4 38. Qh3 R4g6 39. Nh4 Rg4 40. Ng2 Qg7
41. Ne3 Rg6 42. Ng2 Ne7 43. Nh4 Rg4 44. Nf3 Nc6 45. Rg1 Rg6 46. Nh4 Rg4 47. Ng2
Qf6 48. Ne3 R4g6 49. Rf2 Ne7 50. Ng2 Nc8 51. Nh4 Rg4 52. Nf3 Nd6 53. Ne5 R4g7
54. Rfg2 Ne4 55. Qh5 Kh7 56. Qf3 Qe7 57. Nd3 Rg4 58. Nf2 R4g7 59. Nd3 Rg4 60.
Ne5 R4g7 61. c4 f6 62. Nd3 dxc4 63. Nf2 Qb7 64. Nxe4 fxe4 65. Qe3 f5 66. Rc1 Qd5
67. b3 cxb3 68. axb3 Rd8 69. Rd2 Rgd7 70. Rc4 Qa5 71. Kg2 Qd5 72. Rd1 Qd6 73.
Rd2 Qe7 74. Rc6 Rd6 75. Qc3 Rxc6 76. Qxc6 Qd7 77. Qc4 Qd5 78. Qc7+ Rd7 79. Qe5
Qxe5 80. fxe5 Rc7 81. d5 exd5 82. Rxd5 Rc2+ 83. Kf1 Kg7 84. Rd7+ Kf8 85. Rxa7
Rxh2 86. Rb7 Rc2 87. Rxb6 Rc5 88. Rf6+ Ke7 89. Rxf5 Rc3 90. Kf2 Ke6 91. Rh5 Rxb3
92. Rxh6+ Kxe5 93. Rh8 1/2-1/2

[Event "World Blitz 2015"]
[Site "Berlin GER"]
[Date "2015.10.14"]
[Round "16.64"]
[White "Hausrath, Daniel"]
[Black "Rakhmanov, Aleksandr"]
[Result "0-1"]
[WhiteTitle "GM"]
[BlackTitle "GM"]
[WhiteElo "2503"]
[BlackElo "2637"]
[WhiteFideId "4617495"]
[BlackFideId "4173708"]
[EventDate "2015.10.13"]

1. Nf3 Nf6 2. g3 g6 3. Bg2 Bg7 4. O-O O-O 5. d4 d6 6. Re1 d5 7. c4 c6 8. Nbd2
Bf5 9. b3 a5 10. Bb2 a4 11. bxa4 Qa5 12. Qb3 Nbd7 13. Bc3 Qxa4 14. Qxb7 Rfb8 15.
Qc7 Bh6 16. Ne5 Nxe5 17. dxe5 Ne8 18. Qxe7 d4 19. Bxd4 Bxd2 20. Red1 Bh6 21. Qc5
Rc8 22. e6 Bxe6 23. Rab1 Bf8 24. Qe5 Bg7 25. Qe3 Qxa2 26. Ra1 Bxd4 27. Qxd4 Qxc4
28. Qxc4 Bxc4 29. Rxa8 Rxa8 30. Bxc6 Rc8 31. Bf3 Be6 32. h4 Ng7 33. e3 h5 34.
Kg2 Nf5 35. Rd2 Kg7 36. Rb2 Rc1 37. Rd2 Bc4 38. Rb2 Bf1+ 39. Kh2 Nh6 40. Rb4 Bc4
41. Kg2 Ng4 42. Bd1 Bd5+ 43. Bf3 Bxf3+ 44. Kxf3 Rc2 0-1

[Event "World Blitz 2015"]
[Site "Berlin GER"]
[Date "2015.10.14"]
[Round "16.65"]
[White "Agrest, Evgenij"]
[Black "Handke, Florian"]
[Result "0-1"]
[WhiteTitle "GM"]
[BlackTitle "GM"]
[WhiteElo "2596"]
[BlackElo "2531"]
[WhiteFideId "1705024"]
[BlackFideId "4634527"]
[EventDate "2015.10.13"]

1. c4 Nf6 2. Nc3 b6 3. e4 e5 4. Nf3 Nc6 5. d3 Bc5 6. Be2 h6 7. O-O O-O 8. a3 a5
9. Be3 d6 10. h3 Ne7 11. Nd5 Ng6 12. Qd2 a4 13. Nh2 c6 14. Nc3 Ra7 15. d4 exd4
16. Bxd4 Qe7 17. f3 Ne5 18. Rfd1 Be6 19. Bxc5 dxc5 20. Qd6 Qxd6 21. Rxd6 Rc8 22.
f4 Nxc4 23. Rxe6 fxe6 24. Bxc4 Rd8 25. Bxe6+ Kf8 26. Nf3 b5 27. Ne5 Rd2 28. Nxc6
Ra6 29. Bd5 Rxb2 30. Ne5 g5 31. fxg5 hxg5 32. Bc6 b4 33. axb4 cxb4 34. Nxa4 Rc2
35. Bd5 Nxd5 36. exd5 b3 37. Nd3 Rd2 38. Ndb2 Kg7 39. Re1 Rxd5 40. Re3 Rb5 41.
Kf2 Rb4 42. Nc3 Ra2 43. Nd1 Rd4 44. Kf3 Ra3 45. Re5 Kf6 46. Rb5 Rd2 47. g4 Rh2
48. Kg3 Rd2 49. Rb4 Rc2 50. Re4 Rd2 51. Re3 Rxd1 52. Nxd1 b2 53. Nxb2 Rxe3+ 54.
Kf2 Rc3 55. Nd1 0-1

[Event "World Blitz 2015"]
[Site "Berlin GER"]
[Date "2015.10.14"]
[Round "16.67"]
[White "Papin, Vasily"]
[Black "Hirneise, Tobias"]
[Result "0-1"]
[WhiteTitle "GM"]
[BlackTitle "IM"]
[WhiteElo "2502"]
[BlackElo "2457"]
[WhiteFideId "4143183"]
[BlackFideId "24600881"]
[EventDate "2015.10.13"]

1. c4 c5 2. g3 Nc6 3. Bg2 g6 4. Nc3 Bg7 5. b3 d6 6. Bb2 Bf5 7. d3 Qd7 8. Qd2 Nf6
9. Nd5 Ne5 10. f4 Nc6 11. h3 h5 12. e4 Be6 13. Nf3 O-O-O 14. Ng5 Rhf8 15. O-O-O
Bxd5 16. cxd5 Nd4 17. Kb1 Ne8 18. Rhe1 e5 19. dxe6 fxe6 20. e5 dxe5 21. fxe5 Kb8
22. Rc1 Rc8 23. h4 Bh6 24. Rf1 Rxf1 25. Rxf1 Nf5 26. Be4 Nc7 27. Qf2 Bxg5 28.
hxg5 Nd5 29. Rc1 b6 30. Qg1 Nb4 31. g4 hxg4 32. Qxg4 Rh8 33. Qg2 Nd5 34. Qf2 Rd8
35. Rh1 Qe7 36. Qg1 Nf4 37. Qg4 Nxd3 38. Qe2 Ng3 39. Qe3 Nxh1 40. Bxd3 Qd7 41.
Kc2 Nf2 42. Be2 Rf8 43. Bf3 Qf7 44. Bg2 Qf4 45. Qe2 Qg3 46. Bc6 Kc7 47. Ba4 Qf4
48. Qa6 Qe4+ 49. Kc3 Qd4+ 50. Kc2 Qd1+ 51. Kc3 Rf3+ 0-1

[Event "World Blitz 2015"]
[Site "Berlin GER"]
[Date "2015.10.14"]
[Round "16.68"]
[White "Guliyev, Namig"]
[Black "Ehlvest, Jaan"]
[Result "0-1"]
[WhiteTitle "GM"]
[BlackTitle "GM"]
[WhiteElo "2579"]
[BlackElo "2535"]
[WhiteFideId "13400363"]
[BlackFideId "4500016"]
[EventDate "2015.10.13"]

1. e4 Nf6 2. e5 Nd5 3. d4 d6 4. Nf3 Bg4 5. Be2 e6 6. h3 Bh5 7. c4 Nb6 8. Nc3 Be7
9. Be3 O-O 10. g4 Bg6 11. h4 h6 12. Qd2 Nc6 13. exd6 cxd6 14. h5 Bh7 15. g5 hxg5
16. Nxg5 Bxg5 17. Bxg5 f6 18. Be3 d5 19. c5 Nc4 20. Bxc4 dxc4 21. Rg1 Kh8 22.
O-O-O Nb4 23. Rg6 e5 24. d5 Qd7 25. b3 Qf5 26. Kb2 Bxg6 27. hxg6 Qxg6 28. bxc4
Rac8 29. d6 Qf7 30. Kb3 Nc6 31. Qd5 Kg8 32. Ne4 Na5+ 33. Kb4 Nc6+ 34. Kc3 Qxd5
35. cxd5 Nb8 36. Rb1 b6 37. c6 Nxc6 38. dxc6 Rxc6+ 39. Kb3 f5 40. d7 fxe4 41.
Rd1 Rd8 42. Bg5 Rf6 43. Bxf6 gxf6 44. Kc4 Kf7 45. Kb5 Ke7 46. Kc6 b5 47. Rh1 Ke6
48. Rd1 b4 49. Kc7 Ke7 50. Rd6 a5 51. Kc6 a4 52. Rd1 b3 53. axb3 axb3 54. Rd2 b2
55. Rxb2 Rxd7 56. Ra2 Rd3 57. Kc5 Ke6 58. Kc4 Kf5 59. Rb2 Kf4 0-1

[Event "World Blitz 2015"]
[Site "Berlin GER"]
[Date "2015.10.14"]
[Round "16.69"]
[White "Riff, Jean-Noel"]
[Black "Sethuraman, S.P."]
[Result "0-1"]
[WhiteTitle "GM"]
[BlackTitle "GM"]
[WhiteElo "2499"]
[BlackElo "2640"]
[WhiteFideId "611190"]
[BlackFideId "5021596"]
[EventDate "2015.10.13"]

1. e4 g6 2. d4 Bg7 3. Nc3 d6 4. Be3 a6 5. Qd2 b5 6. h4 h5 7. Nh3 Bxh3 8. Rxh3 c6
9. f4 Nf6 10. Bd3 Nbd7 11. f5 gxf5 12. exf5 Ng4 13. Bg5 Bxd4 14. O-O-O Bf6 15.
Ne4 d5 16. Nxf6+ Ndxf6 17. Re1 Qd7 18. Qc3 Qd6 19. Rf3 d4 20. Qd2 Nd5 21. Kb1 f6
22. Bf4 Nxf4 23. Rxf4 Ne5 24. Be2 O-O-O 25. Qa5 Kb7 26. a4 Qc7 27. Qd2 Qd6 28.
Qa5 Qc5 29. Bf3 Qb6 30. Qb4 Rd7 31. Rfe4 bxa4 32. Qxa4 Ka7 33. Rd1 Rb8 34. b3 d3
35. Ree1 Rd4 36. Qa3 c5 37. cxd3 Qxb3+ 38. Qxb3 Rxb3+ 39. Kc2 Rbb4 40. Bxh5 Rxh4
41. Bf3 Kb6 42. Be4 a5 43. Rh1 Rxh1 44. Rxh1 c4 45. d4 Nc6 46. Kc3 Rb3+ 47. Kxc4
Rb4+ 48. Kc3 Nxd4 49. Bd3 Kc5 50. Rh8 Rb3+ 51. Kd2 a4 52. Rc8+ Kd6 53. Ke3 Nc6
54. Ra8 Ne5 55. Ra6+ Kd7 56. Rxa4 Rxd3+ 57. Ke4 Rg3 58. Kd5 Rd3+ 59. Ke4 Ke8 60.
g4 Rg3 61. Ra8+ 0-1